| 000 | 00465cam a22001337a 4500 | ||
|---|---|---|---|
| 008 | 180718b1972 xxu||||| |||| 00| 0 eng d | ||
| 082 | _aV53x54 In2r | ||
| 100 | _aIndia. Committee of Ministers on Indegenous Plant and Equipment | ||
| 245 | _aReport of the Committee of Ministers on Indegenous Plant and Equipment | ||
| 260 |
_aNew Delhi _bThe author _c1972 |
||
| 300 | _a216+p. | ||
| 500 | _aChairman: Narayan Datt Tiwari | ||
| 700 | _aTiwari, Narayan Datt (Chairman) | ||
| 999 |
_c489980 _d489980 |
||